Capitales Mundiales más Cercanas a La Habana - Estadísticas

Estadísticas generales
  • Esta prueba ha sido intentada 80 veces
  • La puntuación promedio es 17 de 20
Estadísticas de respuestas
km capital % Correcto
1601 Ciudad de Panamá
97%
811 Kingston
96%
1479 San José
96%
1127 Tegucigalpa
94%
1786 Ciudad de México
91%
1163 Puerto Príncipe
91%
1291 Managua
90%
1393 Santo Domingo
90%
931 Belmopán
89%
1274 Ciudad de Guatemala
89%
1829 Washington
89%
553 Nasáu
87%
2164 Caracas
86%
2236 Bogotá
83%
1273 San Salvador
83%
2492 Kingstown
70%
2470 Castries
67%
2149 Basseterre
66%
2244 Saint John's
66%
2368 Roseau
56%
No se encontraron pruebas coincidentes
Distribución de puntuación
Porcentaje de gente con cada puntuación
Porcentaje por número respondido
Historial de tus puntuaciones
No has intentado esta prueba.